| 000 | 00871nam a22002897a 4500 | ||
|---|---|---|---|
| 003 | CHAP | ||
| 005 | 20220329135834.0 | ||
| 008 | 971013s1982 r 00010 d | ||
| 010 | _a43090 | ||
| 011 | _a44062 | ||
| 035 | _a48200 | ||
| 040 | _cCHAP | ||
| 082 |
_a631.46 _bF7 |
||
| 100 | 0 | 0 |
_aFreckman, Diana W. _eed. _943096 |
| 245 | _aNematodes in soil ecosystems | ||
| 260 |
_aAustin, Texas : _bUniversity of Texas, _c1982 |
||
| 300 |
_a206 p. _b: ilus. ; gráfs. |
||
| 590 |
_aBATCH-UPD _b10 _c20130110 _lUCH01 _h1818 |
||
| 590 |
_aBATCH-UPD _b10 _c20130410 _lUCH01 _h1152 |
||
| 590 |
_aBATCH-UPD _b10 _c20130914 _lUCH01 _h1733 |
||
| 590 |
_aCONVERSION _b10 _c20130109 _lUCH01 _h1324 |
||
| 650 | 1 | 4 |
_aNemátodos. _980819 |
| 650 | 1 | 4 |
_aSuelos _xEcología. _9110343 |
| 901 | _aBK | ||
| 942 | _cLIBRO | ||
| 949 |
_a631.46 F7 _bBC _cLIBRO _d33724000076717 _eLIBRO _h63184 _i48200 _si |
||
| 999 |
_c43090 _d43090 |
||